000
00283nam a22001337a 4500
008
170308b xxu||||| |||| 00| 0 srb d
020
_a
9788617363428
041
_a
srb
080
_a
611
100
_a
6
101
_a
SHM
245
_a
TIRODNA ZLEZDA
_c
TRBOJEVIC, B
942
_2
udc
_c
BK
999
_c
7226
_d
7226